| 000 | 01040nam2a2200265 4500 | ||
|---|---|---|---|
| 001 | RU\NLR\BIBL_A\012602315 | ||
| 005 | 20250624082956.0 | ||
| 010 | _94000 | ||
| 035 | _a(NLR Aleph) 012602315 | ||
| 090 |
_a13305476 _c13305476 |
||
| 100 | _a20210927g19329999|||y0rusy50 ca | ||
| 101 | 0 | _atat | |
| 102 | _aRU | ||
| 105 | _ay z 000 y | ||
| 181 | 0 |
_ai _baxxe |
|
| 182 | 0 | _an | |
| 200 | 1 |
_aПолитэкономия предметы _g[тәрҗ.: Маликбаев һ. б.] _gтәрҗ. ред.: Г. Шәфиев, С. Абашов] |
|
| 203 |
_aТекст _bвизуальный _cнепосредственный |
||
| 210 |
_d1932 _aБ. м. |
||
| 215 | _a38,[1] б. | ||
| 461 | 0 |
_1001RU\NLR\BIBL_A\012602301 _12001#$aЧиттән торып укучылар өчен политэкономия дәреслеге$fТатар коммунистлар университетының Читтән торып уку секторы$v1 нче кис. |
|
| 852 |
_aNLR _bОНЛ _jТатар./2-13060 |
||
| 942 | _cBOOK | ||
| 980 | _aNB | ||